[Event "Imperia op 25th"]
[Site "Imperia"]
[Date "1983.09.11"]
[Round "9"]
[White "Wielander, K."]
[Black "Blasco, Domenico"]
[Result "0-1"]
[WhiteElo "1917"]
[BlackElo "2035"]
[PlyCount "132"]
[EventDate "1983.09.03"]
[EventType "swiss"]
[EventRounds "9"]
[EventCountry "ITA"]
[SourceTitle "EXT 2023"]
[Source "ChessBase"]
[SourceDate "2022.10.05"]
[SourceVersion "1"]
[SourceVersionDate "2022.10.05"]
[SourceQuality "1"]

1. d4 e6 2. c4 b6 3. Nc3 Bb7 4. e4 Bb4 5. d5 Qe7 6. Be3 exd5 7. exd5 Bc5 8. Qd2 Nf6 9. Be2 Bxe3 10. fxe3 0-0 11. Bf3 d6 12. Nge2 Re8 13. Kf2 Nbd7 14. Nd4 Ne5 15. Qe2 Ba6 16. Ncb5 Bxb5 17. cxb5 Neg4+ 18. Bxg4 Nxg4+ 19. Qxg4 Qxe3+ 20. Kf1 Re4 21. Qxg7+ Kxg7 22. Nf5+ Kf6 23. Nxe3 Rxe3 24. Kf2 Rae8 25. Rhf1 Kg6 26. Kg1 Re2 27. Rf3 Re1+ 28. Rxe1 Rxe1+ 29. Kf2 Rd1 30. Rc3 Rxd5 31. Rxc7 Rxb5 32. b3 Ra5 33. a4 Kf6 34. Rb7 Ke6 35. Ke3 h5 36. g3 f6 37. h3 Rc5 38. Kf4 Rf5+ 39. Ke3 Re5+ 40. Kf4 Rf5+ 41. Ke4 Rc5 42. Rxa7 Rc3 43. a5 bxa5 44. Rxa5 Rxb3 45. Kf4 Rb4+ 46. Kf3 f5 47. Ra8 h4 48. g4 fxg4+ 49. hxg4 h3 50. Rh8 Rb3+ 51. Kf4 Ra3 52. Rh6+ Ke7 53. Kf5 Rf3+ 54. Ke4 Rg3 55. Rh7+ Kf6 56. Kf4 Rd3 57. Rh6+ Kg7 58. g5 d5 59. Kg4 d4 60. Kf4 Re3 61. Rh4 Rc3 62. Rh6 d3 63. Ke3 Ra3 64. Kd2 h2 65. Ke3 Rb3 66. Kd2 Rb8 0-1